000 01504nam1a2200349 i 4500
001 RU\NLR\bibl\1461854
005 20241115064125.0
035 _a(NLR Aleph) 001453614
090 _a1538719
_c1538719
100 _a20100118g20089999u y0rusy50 ca
101 0 _arus
102 _aRU
105 _ay z |||||
200 1 _aО преподавании биологии ...
_eметодическое письмо
_fС.В. Багоцкий, Г.И. Лернер, Л.И. Бубачева [и др.]
_gДеп. образования г. Москвы, Моск. ин-т открытого образования, Каф. методики преподавания биологии
210 _aМосква
_cМИОО
_cМосковские учебники
_d2008
215 _d21
225 1 _aАвгустовский педсовет
463 0 _10011294912
463 0 _10011437246
463 0 _10011682400
606 _aБиология
_xПреподавание
_xСредняя школа
_91140659
_3RU\NLR\auth\66135513
686 _aЧ426.45
701 1 _aБагоцкий
_bС. В.
_gСергей Владимирович
_4070
701 1 _aЛернер
_bГ. И.
_gГеоргий Исаакович
_4070
701 1 _aРубачева
_bЛ. И.
_gЛюдмила Ивановна
_4070
801 0 _aRU
_bNLR
_c20100118
_gRCR
801 1 _aRU
_bNLR
_c20100118
830 _aавт. раскрыты по ЭК
852 _aNLR
_j2009-5/9964
942 _cBOOK